Mechanisms in modern engineering design : Volume 2 /

Сохранить в:
Библиографические подробности
Главный автор: Ivan I Artobolevsky
Формат:
Язык:Vietnamese
Опубликовано: Maxcơva : Maxcơva , 1979
Предметы:
Метки: Добавить метку
Нет меток, Требуется 1-ая метка записи!
Thư viện lưu trữ: Thư viện Trường CĐ Kỹ Thuật Cao Thắng
LEADER 00612nam a2200193 a 4500
001 TVCDKTCT343
003 Thư viện trường Cao đẳng Kỹ thuật Cao Thắng
005 20050801000000
008 050801
980 \ \ |a Thư viện Trường CĐ Kỹ Thuật Cao Thắng 
024 |a RG_1 #1 eb0 i1 
041 0 # |a vie 
082 # # |a 621.8 /   |b IV100N-m 
100 1 # |a Ivan I Artobolevsky 
245 0 0 |a Mechanisms in modern engineering design : Volume 2 /  |c Ivan I Artobolevsky 
260 # # |a Maxcơva :  |b Maxcơva ,  |c 1979 
300 # # |a 467tr. ;  |c 19 cm 
650 # 4 |a kỹ thuật máy 
650 # 4 |a Cơ khí